000 00876nam a2200229 a 4500
001 BRCA_899
005 20190320203211.0
008 031105s1987----mx-a---###---#000-0#spa-d
050 4 _aF1211.H4
_b.H45 1987
100 1 _aHeller, Carl Bartholomaeus
_d1824-1880
_92990
245 1 0 _aViajes por México en los años 1845-1848
_cCarl Bartholomaeus Heller ; traducción y nota preliminar Elsa Cecilia Frost.
260 _aMéxico
_bBanco de México
_c1987
300 _a371 p.
_bil.
_c21 cm.
_e1 mapa plegable
500 _aIncluye dos mapas y ocho grabados
500 _a2do. ejemplar en el Área de Investigación
504 _aBibliografía: p. 363-366
650 1 4 _aViajes y viajeros
_xHistoria
_zMéxico
_92991
651 4 _aMéxico
_xDescripción y viajes
_y1845-1848
_92992
653 0 _aViajeros extranjeros en México
700 1 _aFrost, Elsa Cecilia
_92993
942 _2lcc
_cB
999 _c793
_d793